000 00656nam a2200253Ia 4500
003 OSt
005 20220924122401.0
006 a|||||r|||| 00| 0
007 ta
008 220923b |||||||| |||| 00| 0 urd d
020 _c60
024 _a321129
037 _cTextual
040 _aARTS
_cARTS
_burd
041 _2urd
_aurd
082 _aQ7z7, 168L5
100 _aNiyazi Kausar Au.
_9182786
245 0 _aAndaz-e-bayan
260 _aLahore
_bShaikh Ghulam Ali and sons Pakistan
_c1975
300 _a724p.
_ccm.
650 _aRELIGION
942 _hQ7z7, 168L5
_cTEXL
_2CC
999 _c411419
_d411419